[Event "Mugla 18 March Martyrs op"]
[Site "Mugla"]
[Date "2025.03.16"]
[Round "6"]
[White "Girgin, Muhammed Furkan"]
[Black "Manas, Eren"]
[Result "1/2-1/2"]
[WhiteElo "1793"]
[BlackElo "1944"]
[PlyCount "116"]
[EventDate "2025.03.15"]
[EventType "swiss"]
[EventRounds "7"]
[EventCountry "TUR"]
[SourceTitle "CB12_2025"]
[SourceDate "2025.03.19"]
[SourceVersion "1"]
[SourceVersionDate "2025.03.19"]
[SourceQuality "1"]

1. d4 Nf6 2. c4 g6 3. Nc3 d5 4. cxd5 Nxd5 5. e4 Nxc3 6. bxc3 Bg7 7. Nf3 c5 8. Rb1 Qa5 9. Bd2 Qxa2 10. Bb5+ Nd7 11. 0-0 0-0 12. Qe2 Qa5 13. Bxd7 Bxd7 14. Rxb7 Bg4 15. dxc5 Qxc5 16. Be3 Qa3 17. Bd4 a5 18. Bxg7 Kxg7 19. Qb2 Qxb2 20. Rxb2 Rfc8 21. Rb3 a4 22. Ra3 Bd7 23. Rc1 Bc6 24. e5 Bxf3 25. gxf3 Rc5 26. Rca1 Rc4 27. Kg2 g5 28. Re1 Kg6 29. Re4 Rxe4 30. fxe4 g4 31. Kg3 Kg5 32. f4+ gxf3 33. Kxf3 Kh4 34. Ke3 Kg4 35. c4 h5 36. c5 Rc8 37. Kd4 Kf4 38. Kd5 Rd8+ 39. Kc6 Kxe5 40. Rxa4 e6 41. Kb7 f5 42. exf5 exf5 43. c6 f4 44. c7 Rf8 45. c8Q Rxc8 46. Kxc8 f3 47. Kd7 f2 48. Ra1 Ke4 49. h4 Kf3 50. Ke6 Kg4 51. Rf1 Kxh4 52. Rxf2 Kg3 53. Ra2 h4 54. Kf5 h3 55. Ra3+ Kg2 56. Kf4 h2 57. Ra2+ Kh3 58. Rxh2+ Kxh2 1/2-1/2

[Event "TUR Cup"]
[Site "Denizli"]
[Date "2024.08.04"]
[Round "9"]
[White "Girgin, Muhammed Furkan"]
[Black "Kilic, Ihsan"]
[Result "0-1"]
[WhiteElo "1757"]
[BlackElo "1911"]
[PlyCount "48"]
[EventDate "2024.07.30"]
[EventType "swiss"]
[EventRounds "11"]
[EventCountry "TUR"]
[SourceTitle "EXT 2025"]
[Source "ChessBase"]
[SourceDate "2024.10.14"]
[SourceVersion "1"]
[SourceVersionDate "2024.10.14"]
[SourceQuality "1"]

1. d4 d5 2. c4 e6 3. Nf3 Nf6 4. g3 Be7 5. Bg2 0-0 6. 0-0 dxc4 7. Qc2 a6 8. a4 Bd7 9. Bg5 Bc6 10. Nbd2 b5 11. b3 cxb3 12. Nxb3 Be4 13. Qb2 Nbd7 14. Nbd2 Bxf3 15. Nxf3 Rb8 16. axb5 axb5 17. Rfc1 b4 18. Ra7 Ne8 19. Bxe7 Qxe7 20. Ne5 Nxe5 21. dxe5 g6 22. Bc6 Ng7 23. Bf3 Rfc8 24. Bb7 c5 0-1